000 00607nam a2200253Ia 4500
003 OSt
005 20220912145746.0
006 a|||||r|||| 00| 0
007 ta
008 220909b |||||||| |||| 00| 0 eng d
024 _a75154
037 _cTextual
040 _aCSL
_beng
_cCSL
041 _aeng
082 _aL55:394, J4 CS
100 _aLatz Leo J
245 0 _aRhythm of sterility and fertility in women
250 _a6
260 _c1954
300 _ap.
_ccm.
650 _aMedicine
942 _hL55:394, J4 CS
_cTEXL
_2CC
999 _c37697
_d37697